|
|
|
|
| LEADER |
00000nam0a2200000 4500 |
| 001 |
341318 |
| 005 |
20231221103522.0 |
| 010 |
|
|
|a 9785438708001
|
| 035 |
|
|
|a (RuTPU)RU\TPU\book\368967
|
| 090 |
|
|
|a 341318
|
| 100 |
|
|
|a 20180803d2018 k y0rusy50 ca
|
| 101 |
0 |
|
|a rus
|
| 102 |
|
|
|a RU
|
| 105 |
|
|
|a a z 001zy
|
| 200 |
1 |
|
|a Учет и оценка природного капитала в территориальном управлении
|e монография
|f М. Р. Цибульникова
|g Национальный исследовательский Томский политехнический университет (ТПУ)
|
| 210 |
|
|
|a Томск
|c Изд-во ТПУ
|d 2018
|
| 215 |
|
|
|a 164 с.
|c ил.
|
| 320 |
|
|
|a Библиогр.: с. 130-139
|
| 330 |
|
|
|a В работе рассматриваются результаты оценки природного капитала Томской области. Приведены примеры решения управленческих задач на основе данных мониторинга экономической ценности природных ресурсов и объектов. Предназначена для широкого круга специалистов в области управления природопользованием и охраной окружающей среды, а также студентов высших учебных заведений.
|
| 452 |
|
1 |
|0 (RuTPU)RU\TPU\book\367548
|t Учет и оценка природного капитала в территориальном управлении
|o монография
|f М. Р. Цибульникова
|g Национальный исследовательский Томский политехнический университет
|c Томск
|n Изд-во ТПУ
|d 2018
|a Цибульникова, Маргарита Радиевна
|
| 606 |
1 |
|
|a Природные ресурсы
|x Использование
|y Россия
|2 stltpush
|3 (RuTPU)RU\TPU\subj\36717
|
| 606 |
1 |
|
|a Регионоведение
|y Томская область
|2 stltpush
|3 (RuTPU)RU\TPU\subj\69744
|9 84449
|
| 610 |
1 |
|
|a территориальное управление
|
| 610 |
1 |
|
|a природный капитал
|
| 610 |
1 |
|
|a денежная оценка
|
| 610 |
1 |
|
|a рекреационные ресурсы
|
| 610 |
1 |
|
|a экономическая оценка
|
| 610 |
1 |
|
|a минерально-сырьевые ресурсы
|
| 610 |
1 |
|
|a топливно-энергетические ресурсы
|
| 610 |
1 |
|
|a твердые полезные ископаемые
|
| 610 |
1 |
|
|a водные ресурсы
|
| 610 |
1 |
|
|a древесные ресурсы
|
| 610 |
1 |
|
|a водные биоресурсы
|
| 610 |
1 |
|
|a недревесная продукция
|
| 610 |
1 |
|
|a охотничье-промысловые животные
|
| 610 |
1 |
|
|a земельные ресурсы
|
| 610 |
1 |
|
|a урбанизированные территории
|
| 610 |
1 |
|
|a Тимирязевский бор
|
| 610 |
1 |
|
|a оценка
|
| 610 |
1 |
|
|a управленческие решения
|
| 610 |
1 |
|
|a оптимизация
|
| 610 |
1 |
|
|a мониторинг
|
| 610 |
1 |
|
|a монографии
|
| 610 |
1 |
|
|a труды учёных ТПУ
|
| 686 |
|
|
|a У04(2)1
|2 rubbk
|
| 686 |
|
|
|a У9(2Р53)
|2 rubbk
|
| 700 |
|
1 |
|a Цибульникова
|b М. Р.
|c геолог
|c доцент Томского политехнического университета, кандидат географических наук
|f 1958-
|g Маргарита Радиевна
|3 (RuTPU)RU\TPU\pers\30875
|9 15121
|
| 712 |
0 |
2 |
|a Национальный исследовательский Томский политехнический университет (ТПУ)
|c (2009- )
|3 (RuTPU)RU\TPU\col\15902
|
| 801 |
|
1 |
|a RU
|b 63413507
|c 20180803
|
| 801 |
|
2 |
|a RU
|b 63413507
|c 20190110
|g RCR
|
| 942 |
|
|
|c BK
|